000 00662nam a2200241 i 4500
001 C2-0323820
003 PPAK
005 20180728122314.0
008 970115s1953 my |||| ||||| | may d
040 _aPPAK
_beng
_cPPAK
_erda
082 0 4 _a801.955
_223
090 0 0 _a801.955
_bABD
_dKK
100 0 _aAbdul Hadi Kamal,
_eauthor
245 1 0 _aPedoman ucapan
264 1 _aSabak Bernam, Selangor :
_bUsaha Kita ,
_c1953
300 _a139 pages ;
_c18 cm
336 _2rdacontent
_atext
337 _2rdamedia
_aunmediated
338 _2rdacarrier
_avolume
500 _aTeks dalam tulisan jawi ; Nadir
650 1 0 _aRhetorical criticism
942 _ddc
_cB
999 _c123833
_d123833